000 00595nam a22001577a 4500
999 _c129967
_d129967
008 191112b ||||| |||| 00| 0 eng d
050 _aBR1644.5.G4
_bS578 A798
100 _aAsamoah-Gyadu, J. Kwabena
_948505
245 _aSighs and signs of the spirit
_bGhananian perspectives on pentacostalism and renewal in Africa
_cJ. Kwabena Asamoah-Gyadu
260 _aOxford
_bRegnum Books
_c2015
300 _axviii, 192p. ;
_c23cm.
440 _aRegnum studies in mission
_948506
650 _aPentecostals
_xHistory
_zGhana
_948507
651 _aGhana
_xChurch history
_91789
942 _2lcc
_cMONOGRAPH